000 03106nam a2200733 a 4500
008 250421e2021 ag ||||f |||| 001 0 spa d
020 _a9789875704473
041 _aspa
092 _c616.8
_l91
_sVER
100 1 _aVera Barros, B.
_94300
245 _aNeurología sin secretos/
_bGuía Práctica de Diagnóstico y tratamiento.
_cBenjamín Vera Barros.
250 _a1a ed.
260 _aCiudad Autonóma de Buenos Aires:
_bLibrería Akadia Editorial;
_c2021.
300 _a816 p.
_b17 x 24 cm
500 _aVera Barros, B., Pettinicchi, J. P., Grecco, M. Neurología sin secretos. -1a ed. Ciudad Autonóma de Buenos Aires: Librería Akadia Editorial, 2021.
653 _aSíndromes y Patologías Agudas y Crónicas
653 _aEpilepsia
653 _aStatus epiléptico
653 _aEnfermedades mdeulares agudas y crónicas
653 _aTraumatismos raquimedulares
653 _aDebilidad muscular
653 _aMiopatías
653 _aTrastornos de la transmisión neuromuscular
653 _aCrisis miasténica
653 _aEnfermedades de la motoneurona
653 _aEnfermedades de raíces , plexos y nervios periféricos
653 _aAproximacíon al paciente con neuropatía periférica
653 _aSíndrome de Guillain Barré
653 _aAproximación al paciente con cefalea
653 _aSíndrome de hipertensión intracraneana idiopática
653 _aAlgias faciales
653 _aNeuropatías craneales
653 _aDolor neuropático
653 _aPérdida aguda de la visión
653 _aNeuropatías ópticas
653 _aAproximación al paciente con trastornos del equilibrio
653 _aSíndrome vertiginoso en la urgencia
653 _aAtaxias cerebelosas
653 _aSíndrome confusional agudo
653 _aAccidente cerebrovascular isquémico
653 _aAneurismas intercraneales y hemorragia subaracnoidea no traumática
653 _aHemorragia intracerebral
653 _aSíndrome de hipertensión intracraneana
653 _aTraumatismo encefalocraneano
653 _aComa
653 _aEnfermedades desmielinizantes del sistema nervioso central
653 _aSíndromeshipocinéticos : Enfermedad de Parkinson y otros parkisonismos
653 _aSíndromes hipercinéticos I : mioclonías y temblor
653 _aSíndromes hipecinéticos II : distonía y corea
653 _aSíndromes Hipercinéticos III : tics y movimientos anormales inducidos por fármacos
653 _aAproximación al paciente con deterioro cognitivo
653 _aEnfermedad de Alzheimer
653 _aManifestaciones neurológicas de las enfermedad sistémicas
653 _aInfecciones del sistema nervioso central
653 _aManifestaciones neurológicas del HIV-SIDA
653 _aTumores del sistema nervioso central
653 _aComplicaciones neurológicas del Cáncer
653 _aEnfermedades neurológicas en el embarazo
653 _aSueño
653 _aPuncíon lumbar
700 1 _aPettinicchi, J. P.
_94301
700 1 _aGrecco, M.P.
_94302
942 _2ddc
_cBK
999 _c3245
_d3245